Bienvenue à la Médiathèque de Saint-Andiol
banniere
Accueil Recherche avancée Mon compte
handi1 Rechercher dans le catalogue

Filtre   Mots-clés
  Recherche avancée
 
Lister les dernières nouveautés
 
Lister les livres GROS CARACTERES
 
Lister les périodiques (magazines)

handi1 Garrot coup de froid

<< Retourner aux résultats de la recherche
Book Cover
Auteur principal : Laurent Dufreney
Autres auteurs : Miss Prickly
Autres auteurs : Magali Paillat
Titre : Garrot coup de froid
Support : Livres
Langue : Francais
Series : A cheval !
Genre : Bande Dessinée (enfants)
Sujets :
Étiquettes :
Pas de tags
LEADER 01129nam0a2200229 450
001 16868226
010 |a 978-2-413-01560-4  |b cart.  |d 10,95 € 
100 |a 20190906d2022 u u0frey01 ba 
101 0 |a fre 
102 |a FR 
200 0 |a Garrot coup de froid  |f scénario Laurent Dufreney  |g dessin Miss Prickly - couleur Magali Paillat 
207 1 |a   
215 |a 48 p.  |c illustrations en couleur  |d 30 cm 
300 |a Coup de coeur 
330 |a La neige a recouvert le club de son lourd manteau. Alors que Cookie est refroidi par la disparition de l’herbe dans les prés, Xanax, lui, a du mal à garder son sang-froid face aux nouveaux dangers de l’hiver. Si certains pensionnaires gardent la tête froide et apprécient le changement de saison, tout le monde reste un peu givré ! Garrot coup de froid ! 
461 0 |t A cheval !  |v 06 
700 0 |a Dufreney  |b Laurent  |f 1979-....  |4 70 
701 0 |a Miss Prickly  |f 1982-....  |4 440 
702 0 |a Paillat  |b Magali  |4 410 
900 |a Bande Dessinée (enfants) 
901 |a Jeunesse 
995 |a Médiathèque  |c Médiathèque  |f 00156010470433  |h 00156010470433  |k BD ACH  |o p  |q j  |r az  |e Médiathèque